Applications of analog integrated circuits (Record no. 17105)

MARC details
000 -LEADER
fixed length control field 00562nam a2200181Ia 4500
003 - CONTROL NUMBER IDENTIFIER
control field IN-BaIIA
008 - FIXED-LENGTH DATA ELEMENTS--GENERAL INFORMATION
fixed length control field 211028s9999 xx 000 0 eng d
020 ## - INTERNATIONAL STANDARD BOOK NUMBER
International Standard Book Number 0-13-039173-5
040 ## - CATALOGING SOURCE
Transcribing agency IIA Library
080 ## - UNIVERSAL DECIMAL CLASSIFICATION NUMBER
Universal Decimal Classification number 681.382.4
Item number SOC
100 ## - MAIN ENTRY--PERSONAL NAME
Personal name Soclof, Sidney
9 (RLIN) 32195
245 #0 - TITLE STATEMENT
Title Applications of analog integrated circuits
Statement of responsibility, etc. Sidney Soclof
260 ## - PUBLICATION, DISTRIBUTION, ETC.
Place of publication, distribution, etc. New Jersey
Name of publisher, distributor, etc. Prentice-Hall
Date of publication, distribution, etc. 1985
300 ## - PHYSICAL DESCRIPTION
Extent xiii, 538p.
650 ## - SUBJECT ADDED ENTRY--TOPICAL TERM
Topical term or geographic name entry element Analog electronic systems
9 (RLIN) 32196
650 ## - SUBJECT ADDED ENTRY--TOPICAL TERM
Topical term or geographic name entry element integrated circuits
9 (RLIN) 3314
942 ## - ADDED ENTRY ELEMENTS (KOHA)
Koha item type Books
Holdings
Withdrawn status Lost status Damaged status Not for loan Home library Current library Shelving location Date acquired Source of acquisition Cost, normal purchase price Total Checkouts Full call number Barcode Date last seen Cost, replacement price Price effective from Koha item type Purchase Price
        IIA Library-Bangalore IIA Library-Bangalore General Stacks 11/11/2008 ANJ 7958.00   681.382.4/ SOC 18027 05/11/2021 7958.00 11/11/2008 Books Rs. 7958.00

Powered by Koha